LEADER 00842cam0-22003011i-450- 001 990006116630403321 005 19980601 010 $a88-204-6875-1 035 $a000611663 035 $aFED01000611663 035 $a(Aleph)000611663FED01 035 $a000611663 100 $a19980601d1991----km-y0itay50------ba 101 0 $aita 102 $aIT 105 $ay-------001yy 200 1 $aEconomia del benessere in regime di disequilibrio generale$fMassimo Florio 210 $aMilano$cAngeli$d1991 215 $a278 p.$d22 cm 676 $a338.51$v20$zita 700 1$aFlorio,$bMassimo$039563 801 0$aIT$bUNINA$gRICA$2UNIMARC 901 $aBK 912 $a990006116630403321 952 $aXV G[2] 34$b21071*$fFGBC 959 $aFGBC 996 $aEconomia del benessere in regime di disequilibrio generale$936686 997 $aUNINA LEADER 01067nam--2200337---450- 001 990003242430203316 005 20090512123221.0 035 $a000324243 035 $aUSA01000324243 035 $a(ALEPH)000324243USA01 035 $a000324243 100 $a20090512d1965----km-y0itay50------ba 101 $aeng 102 $aGB 105 $a||||||||001yy 200 1 $aElementary matrices and some applications to dynamics and differential equations$fR.A. Frazer, W.J. Duncan and A.R. Collar 210 $aCambridge$cThe University Press$d1965 215 $aXVIII, 416 p.$d22 cm 606 0 $aMatrici (Matematica) 676 $a512.943 700 1$aFRAZER,$bR.A.$0335018 701 1$aDUNCAN,$bW.J.$0331852 702 1$aCOLLAR,$bA.R. 801 0$aIT$bsalbc$gISBD 912 $a990003242430203316 951 $a512.943 FRA$b4516/CBS$c512.943$d00220939 959 $aBK 969 $aSCI 979 $aRSIAV6$b90$c20090512$lUSA01$h1232 996 $aElementary matrices and some applications to dynamics and differential equations$91012693 997 $aUNISA